Central Library OPAC University of Rajshahi

برگ گل منتخب مضامين كا مجموعه # # barg gl muntakhab madamin ka majmueuh / (Record no. 80316)

MARC details
000 -LEADER
fixed length control field 00876nam a22002533i 4500
001 - CONTROL NUMBER
control field 80316
003 - CONTROL NUMBER IDENTIFIER
rucl marc code BD-RjUL
005 - DATE AND TIME OF LATEST TRANSACTION
control field 20220912142752.0
008 - FIXED-LENGTH DATA ELEMENTS--GENERAL INFORMATION
fixed length control field 220713s1954 ii ||| | urd d
035 ## - SYSTEM CONTROL NUMBER
System control number (BD-RjUL)80316
040 ## - CATALOGING SOURCE
Original cataloging agency UkOxU
Language of cataloging eng
Description conventions rda
Transcribing agency UkOxU
041 ## - LANGUAGE CODE
Language code of text/sound track or separate title urd
082 ## - DEWEY DECIMAL CLASSIFICATION NUMBER
Edition number 23
Classification number 891.43908
Author mark and year HUB 1954
100 1# - MAIN ENTRY--PERSONAL NAME
Personal name Hussain,Tahur
9 (RLIN) 4681
245 10 - TITLE STATEMENT
Title برگ گل منتخب مضامين كا مجموعه # # barg gl muntakhab madamin ka majmueuh /
Statement of responsibility, etc. تہور حسین , افضل الرحمن ممتاز # #Tahur Hussain , Afzal Rahman Mumtaz /
264 #1 - PRODUCTION, PUBLICATION, DISTRIBUTION, MANUFACTURE, AND COPYRIGHT NOTICE
Place of production, publication, distribution, manufacture Karācī :
Name of producer, publisher, distributor, manufacturer Anjuman preess,,
Date of production, publication, distribution, manufacture, or copyright notice 1954.
300 ## - PHYSICAL DESCRIPTION
Pagination 324 pages :
Illustrations ill. ;
Size 23 cm
650 ## - SUBJECT ADDED ENTRY--TOPICAL TERM
Topical term or geographic name as entry element Leaf
9 (RLIN) 4682
Topical term or geographic name as entry element urdu litrature
9 (RLIN) 4685
700 ## - ADDED ENTRY--PERSONAL NAME
Personal name Mumtaz, Afzal Rahman
880 00 - ALTERNATE GRAPHIC REPRESENTATION
a :
Linkage 264-02//r
a کراچی :
b قادری اکادمی،
c 1995.
942 ## - ADDED ENTRY ELEMENTS (KOHA)
Source of classification or shelving scheme Dewey Decimal Classification
Koha item type Books
Holdings
Lost status Source of classification or shelving scheme Damaged status Not for loan Collection code Permanent Location Current Location Shelving location Date acquired Source of acquisition Total Checkouts Full call number Date last seen Copy number Koha item type
  Dewey Decimal Classification   Not For Loan Non-fiction Central Library, University of Rajshahi Central Library, University of Rajshahi Reading Room 17/03/1969 Urdu Library, Rajshahi   U 891.43908 HUB 1954 08/09/2022 C-1 Books